Online
Catalog

El quinto jinete / (Record no. 22641)

MARC details
000 -CABECERA
campo de control de longitud fija 00880nam a2200253 a 4500
001 - NÚMERO DE CONTROL
campo de control 000023144
005 - FECHA Y HORA DE LA ÚLTIMA TRANSACCIÓN
campo de control 20200930022022.0
008 - DATOS DE LONGITUD FIJA--INFORMACIÓN GENERAL
campo de control de longitud fija 831031s1981 sp 001 f spa d
020 ## - NÚMERO INTERNACIONAL ESTÁNDAR DEL LIBRO
Número Internacional Estándar del Libro 2221004485
040 ## - FUENTE DE LA CATALOGACIÓN
Centro catalogador/agencia de origen DO-SdBNP
Lengua de catalogación spa
Centro/agencia transcriptor BNPHU
082 ## - NÚMERO DE LA CLASIFICACIÓN DECIMAL DEWEY
Número de clasificación 843.914
Número de documento/Ítem L313q
100 1# - ENTRADA PRINCIPAL--NOMBRE DE PERSONA
Nombre de persona Lapierre, Dominique
Fechas asociadas al nombre 1931-
9 (RLIN) 13390
240 13 - TÍTULO UNIFORME
Título uniforme Le cinqiéme cavalier.
Lenguaje de la obra Español
245 13 - MENCIÓN DE TÍTULO
Título El quinto jinete /
Mención de responsabilidad, etc. Dominique Lapierre y Larry Collins; traducción de J. Ferrer Aleu.
260 ## - PUBLICACIÓN, DISTRIBUCIÓN, ETC.
Lugar de publicación, distribución, etc. Barcelona :
Nombre del editor, distribuidor, etc. Plaza & Janés,
Fecha de publicación, distribución, etc. 1981.
300 ## - DESCRIPCIÓN FÍSICA
Extensión 470, [4] p. ;
Dimensiones 18 cm.
490 1# - MENCIÓN DE SERIE
Mención de serie Los Jet de Plaza y Janés.
Designación de volumen o secuencia 5
534 ## - NOTA SOBRE LA VERSIÓN ORIGINAL
Encabezamiento principal del original Título original:
Mención de título del original Le cinqiéme cavalier.
650 #4 - PUNTO DE ACCESO ADICIONAL DE MATERIA--TÉRMINO DE MATERIA
Término de materia o nombre geográfico como elemento de entrada Novela francesa
9 (RLIN) 1075
650 #4 - PUNTO DE ACCESO ADICIONAL DE MATERIA--TÉRMINO DE MATERIA
Término de materia o nombre geográfico como elemento de entrada Literatura francesa
9 (RLIN) 1074
700 1# - PUNTO DE ACCESO ADICIONAL--NOMBRE DE PERSONA
Nombre de persona Collins, Larry,
Fechas asociadas al nombre 1929-2005 .
9 (RLIN) 13391
700 1# - PUNTO DE ACCESO ADICIONAL--NOMBRE DE PERSONA
Nombre de persona Aleu, J. Ferrer,
Término indicativo de función/relación tr.
9 (RLIN) 13392
830 #0 - PUNTO DE ACCESO ADICIONAL DE SERIE-TÍTULO UNIFORME
Título uniforme Los Jet de Plaza y Janés.
Designación de volumen o secuencia 5
9 (RLIN) 13394
Holdings
Estado de retiro Estado de pérdida Restricciones de uso No para préstamo Código de colección Localización permanente Ubicación/localización actual Ubicación en estantería Fecha de adquisición Número de inventario Total de préstamos Signatura topográfica completa Código de barras Fecha visto por última vez Precio válido a partir de Tipo de ítem Koha Número de copia
      Excluido de préstamo Monografías: Libros y Folletos General General Depósito 29.11.2010 LF1   843.914 L313q 23144-10 25.06.2020 25.06.2020 No se presta  
  Extraviado   Excluido de préstamo Monografías: Libros y Folletos General General Extraviado 05.04.2017 LF1   843.914 L313q 23144-20 25.06.2020 25.06.2020 No se presta e. 2

Powered by Koha